Music Quiz

Random Music or Artist Quiz

Cover of Rolling Stone Quiz Stats

Quiz Updated Feb 9, 2017

Challenge
Share
Tweet
Score 0/40 Timer 07:00
2 Plays Today
Row Artist % Correct
Row 1 AcrossJohn Lennon
96.5%
Row 1 AcrossMichael Jackson
96%
Row 3 AcrossBono
94.8%
Row 2 AcrossElton John
94.3%
Row 3 AcrossPaul McCartney
91.4%
Row 3 AcrossPrince
90.6%
Row 1 AcrossMick Jagger
90%
Row 2 AcrossMarilyn Manson
89.7%
Row 3 AcrossMadonna
89.3%
Row 2 AcrossKurt Cobain
88.4%
Row 1 AcrossBob Marley
88.1%
Row 4 AcrossOzzy Osbourne
87.7%
Row 1 AcrossTina Turner
83.3%
Row 5 AcrossDavid Bowie
82.2%
Row 2 AcrossJay-Z
82.2%
Row 4 AcrossTupac Shakur
82%
Row 2 AcrossCarlos Santana
81.9%
Row 5 Across50 Cent
79.8%
Row 3 AcrossStevie Wonder
79.7%
Row 5 AcrossJimi Hendrix
79.4%
Row Artist % Correct
Row 1 AcrossJohnny Cash
75.7%
Row 3 AcrossBruce Springsteen
74%
Row 1 AcrossSting
72%
Row 4 AcrossCourtney Love
70.9%
Row 1 AcrossBilly Joel
70.1%
Row 2 AcrossEric Clapton
69.7%
Row 5 AcrossWhitney Houston
67%
Row 3 AcrossRod Stewart
66.2%
Row 4 AcrossJanis Joplin
64.1%
Row 4 AcrossPhil Collins
61.2%
Row 3 AcrossJon Bon Jovi
60.8%
Row 4 AcrossBoy George
60%
Row 5 AcrossBette Midler
56.5%
Row 5 AcrossBob Dylan
55.3%
Row 4 AcrossJerry Garcia
54.5%
Row 4 AcrossAnnie Lennox
54.3%
Row 2 AcrossJim Morrison
45.7%
Row 5 AcrossTom Petty
43.9%
Row 2 AcrossBonnie Raitt
40%
Row 5 AcrossGarth Brooks
32%

You're not logged in!

Compare scores with friends on all Sporcle quizzes.
Sign Up with Email
OR
Log In

You Might Also Like...

Show Comments

Extras

Top Quizzes Today


Score Distribution

Your Account Isn't Verified!

In order to create a playlist on Sporcle, you need to verify the email address you used during registration. Go to your Sporcle Settings to finish the process.